[Event "Pfalz op 10th"]
[Site "Neustadt an der Weinstrasse"]
[Date "2019.03.05"]
[Round "9"]
[White "Walther, Tim"]
[Black "Cofman, Veaceslav"]
[Result "0-1"]
[WhiteElo "1970"]
[BlackElo "2205"]
[PlyCount "76"]
[EventDate "2019.03.01"]
[EventType "swiss"]
[EventRounds "9"]
[EventCountry "GER"]
[SourceTitle "CBM 189 Extra"]
[Source "ChessBase"]
[SourceDate "2019.06.03"]
[SourceVersion "1"]
[SourceVersionDate "2019.06.03"]
[SourceQuality "1"]

1. Nf3 e6 2. c4 Nf6 3. g3 d5 4. d4 Be7 5. Bg2 0-0 6. 0-0 b6 7. cxd5 exd5 8. Nc3 Bb7 9. Qb3 Nc6 10. Rd1 Na5 11. Qc2 Nc4 12. Ne5 Nd6 13. Bg5 c6 14. Rac1 Rc8 15. Bh3 Ra8 16. b3 h6 17. Bf4 Qe8 18. Na4 Nde4 19. Qb1 c5 20. dxc5 Nxc5 21. Nxc5 bxc5 22. Nd3 Bc8 23. Bg2 Bf5 24. Qa1 Rc8 25. Qe5 Be6 26. Qb2 Qb5 27. Bf1 Qb6 28. Be3 d4 29. Bd2 Bd6 30. Qa1 Rfe8 31. Nb2 Qb7 32. Nc4 Bf8 33. e3 Ne4 34. Ba5 Ng5 35. Bg2 Bd5 36. Bxd5 Qxd5 37. h4 Nh3+ 38. Kf1 Qf3 0-1

[Event "Pfalz op 10th"]
[Site "Neustadt an der Weinstrasse"]
[Date "2019.03.04"]
[Round "7"]
[White "Faerber, David"]
[Black "Walther, Tim"]
[Result "1-0"]
[WhiteElo "2276"]
[BlackElo "1970"]
[PlyCount "63"]
[EventDate "2019.03.01"]
[EventType "swiss"]
[EventRounds "9"]
[EventCountry "GER"]
[SourceTitle "CBM 189 Extra"]
[Source "ChessBase"]
[SourceDate "2019.06.03"]
[SourceVersion "1"]
[SourceVersionDate "2019.06.03"]
[SourceQuality "1"]

1. e4 e5 2. Nf3 Nc6 3. Bb5 a6 4. Ba4 Nf6 5. 0-0 Be7 6. d3 b5 7. Bb3 d6 8. a3 0-0 9. Nc3 Bg4 10. Be3 Nd4 11. Bxd4 exd4 12. Nd5 Nxd5 13. Bxd5 Rc8 14. a4 c6 15. Bb3 Qb6 16. h3 Be6 17. Bxe6 fxe6 18. Nd2 Bg5 19. Nb3 Rce8 20. Qg4 Bh6 21. g3 b4 22. f4 d5 23. Rae1 c5 24. exd5 exd5 25. Qd7 Qg6 26. Qxd5+ Kh8 27. Kh2 Re3 28. Rxe3 dxe3 29. Qxc5 Re8 30. Re1 e2 31. Qf2 Qe6 32. Nd4 1-0

[Event "Pfalz op 10th"]
[Site "Neustadt an der Weinstrasse"]
[Date "2019.03.04"]
[Round "6"]
[White "Walther, Tim"]
[Black "Dobrikov, Marco"]
[Result "1/2-1/2"]
[WhiteElo "1970"]
[BlackElo "2308"]
[PlyCount "42"]
[EventDate "2019.03.01"]
[EventType "swiss"]
[EventRounds "9"]
[EventCountry "GER"]
[SourceTitle "CBM 189 Extra"]
[Source "ChessBase"]
[SourceDate "2019.06.03"]
[SourceVersion "1"]
[SourceVersionDate "2019.06.03"]
[SourceQuality "1"]

1. Nf3 c5 2. c4 Nc6 3. d4 cxd4 4. Nxd4 Nf6 5. Nc3 e6 6. Ndb5 d6 7. Bf4 e5 8. Bg5 a6 9. Na3 Be6 10. e4 Be7 11. Bxf6 Bxf6 12. Be2 0-0 13. 0-0 g6 14. Nc2 Bg7 15. Qd2 Rc8 16. Nd5 Nd4 17. Nxd4 exd4 18. Rac1 Bxd5 19. exd5 Qd7 20. b3 Rfe8 21. Bd3 b6 1/2-1/2

[Event "Pfalz-ch 75th"]
[Site "Kaiserslautern"]
[Date "2006.04.07"]
[Round "1"]
[White "Walther, Tim"]
[Black "Geisert, Bernd"]
[Result "1-0"]
[WhiteElo "1796"]
[BlackElo "1478"]
[PlyCount "63"]
[EventDate "2006.04.07"]
[EventType "swiss"]
[EventRounds "7"]
[EventCountry "GER"]
[SourceTitle "EXT 2007"]
[Source "ChessBase"]
[SourceDate "2006.11.23"]
[SourceVersion "1"]
[SourceVersionDate "2006.11.23"]
[SourceQuality "1"]

1. e4 e6 2. d4 d5 3. Nc3 a6 4. Nf3 Nf6 5. Bg5 Be7 6. e5 Nfd7 7. Bxe7 Qxe7 8. Ne2 c5 9. c3 Nc6 10. a3 0-0 11. Nd2 cxd4 12. cxd4 f6 13. f4 fxe5 14. dxe5 Nc5 15. Nf3 Ne4 16. g3 Qc5 17. Nfd4 Nxe5 18. Bg2 Ng4 19. Bxe4 dxe4 20. b4 Qb6 21. Qc2 e5 22. fxe5 Nf2 23. 0-0 e3 24. Qb3+ Kh8 25. Qxe3 Nh3+ 26. Kg2 Bg4 27. Nf4 Nxf4+ 28. Rxf4 Be6 29. Re1 Bd5+ 30. Kg1 g5 31. Rxf8+ Rxf8 32. e6 1-0